| 000 -LEADER |
| fixed length control field |
00345nam a2200121 4500 |
| 082 ## - DEWEY DECIMAL CLASSIFICATION NUMBER |
| Classification number |
AB45 M18 |
| 100 ## - MAIN ENTRY--PERSONAL NAME |
| Personal name |
Saunsthan, Mahalasa |
| 9 (RLIN) |
20018 |
| 245 ## - TITLE STATEMENT |
| Title |
Shri Mahalasa Saunsthan, Mardol,Goa: temple information book |
| Statement of responsibility, etc |
by Mahalasa Saunsthan |
| 260 ## - PUBLICATION, DISTRIBUTION, ETC. (IMPRINT) |
| Place of publication, distribution, etc |
Goa |
| Name of publisher, distributor, etc |
The author |
| 300 ## - PHYSICAL DESCRIPTION |
| Extent |
98p. |
| 650 ## - SUBJECT ADDED ENTRY--TOPICAL TERM |
| Topical term or geographic name as entry element |
Hinduism |
| 9 (RLIN) |
20047 |
| 650 ## - SUBJECT ADDED ENTRY--TOPICAL TERM |
| Topical term or geographic name as entry element |
Religion |
| 9 (RLIN) |
20048 |